The impact of salat's positions on the biomechanical response of the human muscle /
محفوظ في:
| المؤلف الرئيسي: | |
|---|---|
| التنسيق: | أطروحة كتاب |
| اللغة: | English |
| الموضوعات: | |
| الوسوم: |
إضافة وسم
لا توجد وسوم, كن أول من يضع وسما على هذه التسجيلة!
|
| LEADER | 01309cam a2200325 i 4500 | ||
|---|---|---|---|
| 001 | u876171 | ||
| 003 | SIRSI | ||
| 005 | 201303181240 | ||
| 008 | 130318s2012 my a t 000 0 eng m | ||
| 040 | |a UMM |d UMJ |e rda | ||
| 090 | |a TA7 |b UM 2012 Mohkms | ||
| 097 | |a TA7 |b UM 2012 Mohkms | ||
| 100 | 0 | |a Mohd Khairuddin Mohd Safee, |e author. | |
| 245 | 1 | 4 | |a The impact of salat's positions on the biomechanical response of the human muscle / |c Mohd Khairuddin bin Mohd Safee. |
| 264 | 1 | |c 2012. | |
| 264 | 4 | |c 2012. | |
| 300 | |a xii, 68 leaves : |b illustrations ; |c 30 cm. | ||
| 336 | |a text |2 rdacontent | ||
| 337 | |a unmediated |2 rdamedia | ||
| 338 | |a volume |2 rdacarrier | ||
| 502 | |b M.Eng. |c Jabatan Kejuruteraan Bioperubatan, Fakulti Kejuruteraan, Universiti Malaya |d 2012. | ||
| 504 | |a Bibliography: leaves 58-61. | ||
| 650 | 0 | |a Salat |x Health aspects. | |
| 650 | 0 | |a Prayer |x Islam |x Health aspects. | |
| 650 | 0 | |a Biomechanics. | |
| 710 | 2 | |a Universiti Malaya. |b Jabatan Kejuruteraan Bioperubatan, |e degree granting institution. | |
| 900 | |a AT-ZA | ||
| 596 | |a 1 7 | ||
| 999 | |a TA7 UM 2012 MOHKMS |w LC |c 1 |i A515560209 |d 7/12/2014 |e 7/12/2014 |f 26/8/2013 |g 1 |l STACKS |m P01UTAMA |n 2 |r Y |s Y |t TESIS |u 22/8/2013 | ||
| 999 | |a TA7 UM 2012 MOHKMS |w LC |c 1 |i A516154065 |d 24/2/2015 |f 24/2/2015 |g 1 |l STACKS |m P07JURUTER |r N |s Y |t TESIS |u 24/2/2015 | ||
